The six Brandenburg concertos : BWV 1046-1051 : from the Bach-Gesellschaft edition /

Bibliographic Details
Main Author: Bach, Johann Sebastian, 1685-1750
Other Authors: Rust, Wilhelm, 1822-1892
Format: Musical Score Book
Published: Mineola, N.Y. : Dover Publications, 1997.
Series:Dover miniature scores.
Subjects:

MARC

Tag First Indicator Second Indicator Subfields
LEADER 00000ccm a2200000Ia 4500
001 in00001669607
005 20151024205138.0
008 970912r19971871nyucgb n d
020 |a 0486297950 
035 |a (OCoLC)ocm38134760 
040 |a ZCU  |c ZCU  |d CIN  |d OCL  |d UtOrBLW 
049 |a TXAM 
090 |a M1040.B13  |b B7 1997 
100 1 |a Bach, Johann Sebastian,  |d 1685-1750. 
240 1 0 |a Brandenburgische Konzerte 
245 1 4 |a The six Brandenburg concertos :  |b BWV 1046-1051 : from the Bach-Gesellschaft edition /  |c Johann Sebastian Bach. 
246 3 0 |a Brandenburg concertos 
264 1 |a Mineola, N.Y. :  |b Dover Publications,  |c 1997. 
300 |a 1 miniature score (vii, 180 pages) ;  |c 20 cm. 
336 |a notated music  |b ntm  |2 rdacontent 
337 |a unmediated  |b n  |2 rdamedia 
338 |a volume  |b nc  |2 rdacarrier 
490 1 |a Dover miniature scores 
500 |a Concerti grossi. 
500 |a "Republication of music from 'Joh. Seb. Bach's Kammermusik. Dritter Band' [1871], edited by Wilheml Rust, in Johann Sebastian Bach's Werke, originally published by the Bach-Gesellschaft in Leipzig"--Title page verso. 
505 0 |a No. 1 in F major, BWV 1046 -- No. 2 in F major, BWV 1047 --No. 3 in G major, BWV 1048 -- No. 4 in F major, BWV 1049 -- No. 5 in D major, BWV 1050 -- No. 6 in B-flat major, BWV 1051. 
650 0 |a Concerti grossi  |v Scores. 
700 1 |a Rust, Wilhelm,  |d 1822-1892. 
830 0 |a Dover miniature scores. 
994 |a E0  |b TXA 
948 |a cataloged  |b h  |c 2003/6/17  |d c  |e bhartsfi  |f 3:00:12 pm 
999 |a MARS 
999 f f |s bbc22314-e475-374b-9f4c-72e8584bdf70  |i 69eb3c77-4c1d-3370-9e0f-fd6c53f2bd79  |t 0 
952 f f |p normal  |a Texas A&M University  |b College Station  |c Sterling C. Evans Library  |d Evans: Library Stacks  |t 0  |e M1040.B13 B7 1997  |h Library of Congress classification  |i unmediated -- volume  |m A14830098535 
998 f f |a M1040.B13 B7 1997  |t 0  |l Evans: Library Stacks